| 000 | 01809nam a2200349 a 4500 | ||
|---|---|---|---|
| 001 | BS0003625 | ||
| 003 | BR-BrBNA | ||
| 005 | 20231018155745.0 | ||
| 008 | 230308b |||||||| |||| 00| 0 por d | ||
| 040 |
_aBR-BrBNA _bpor _cBiblioteca Nacional de Agricultura |
||
| 041 | _apor | ||
| 072 | _aB52 | ||
| 090 | _aB52 BS0003625 | ||
| 100 | 1 | _aCampello, Tereza (org.) | |
| 100 | 1 | _aFalcão, Tiago (org.) | |
| 100 | 1 | _aCosta, Patrícia Vieira da (org.) | |
| 245 | 1 | _aO Brasil sem miséria | |
| 250 | 1 | _a1. ed. | |
| 260 | 3 |
_aBrasília, DF: _bMinistério do Desenvolvimento Social e Combate à Fome, _c2014. |
|
| 300 | _a848 p. | ||
| 500 | _aIncludes several bibliographies; 14 illus.; 48 tables; 51 graphs | ||
| 520 | 3 | _aA publicação traz 32 artigos sobre o plano de superação da extrema pobreza que explicam como ele foi elaborado, implantado, monitorado e avaliado, além de apresentar seus resultados. O livro foi organizado em três partes. A primeira é composta de artigos elaborados pela equipe de coordenação do Plano Brasil sem Miséria, começando por dois textos que revisitam os processos de formulação do Plano e de definição da linha da extrema pobreza. A segunda contém artigos feitos por parceiros executores de ações do Plano Brasil sem Miséria. E a terceira parte tem trabalhos de parceiros que ajudaram a disseminar informações sobre o Plano Brasil sem Miséria entre os beneficiários, os governos de outros países, a academia (tanto no Brasil quanto no exterior)e a sociedade civil. | |
| 650 | _aFOME | ||
| 650 | _aPOBREZA | ||
| 650 | _aNUTRIÇÃO HUMANA | ||
| 650 | _aPROGRAMA DE NUTRIÇÃO | ||
| 650 | _aSOCIOLOGIA RURAL | ||
| 650 | _aPOLÍTICA DE DESENVOLVIMENTO | ||
| 650 | _aPOLÍTICAS PÚBLICAS | ||
| 650 | _aPOLÍTICA SOCIAL | ||
| 942 |
_cBK _2AGRIS |
||
| 999 |
_c8685 _d8685 |
||